000 00464nam a2200157Ia 4500
008 210716s1987 xx 000 0 und d
020 _a0394567846
041 _aeng
082 _a658.3124 PETT
100 _aPeters, Tom.
245 _aThriving on chaos: handbook for a management revolution.
_bHandbook for a management revolution.
250 _a1
260 _aNew York
_bAlfred A Knopf Inc
_c1987
300 _axii,561
650 _aHuman Resource Development
999 _c200724
_d200724